KBO Teams Quiz - Statistics

General Stats
  • This quiz has been taken 298 times
  • The average score is 9 of 10
Answer Stats
City Team % Correct
Seoul Doosan Bears
94%
Gwangju Kia Tigers
94%
Seoul LG Twins
94%
Daegu Samsung Lions
94%
Busan Lotte Giants
92%
Daejeon Hanwha Eagles
88%
Suwon KT Wiz
88%
Changwon NC Dinos
88%
Seoul Kiwoom Heroes
84%
Incheon SK Wyverns
78%
No matching quizzes found
Score Distribution
Percent of People with Each Score
Percentile by Number Answered
Your Score History
You have not taken this quiz